Concise cource in Biopharmaceutics and Pharmacokinetics (Record no. 13166)
[ view plain ]
| 000 -LEADER | |
|---|---|
| fixed length control field | 00467nam a22001697a 4500 |
| 003 - CONTROL NUMBER IDENTIFIER | |
| control field | OSt |
| 008 - FIXED-LENGTH DATA ELEMENTS--GENERAL INFORMATION | |
| fixed length control field | 250227b |||||||| |||| 00| 0 eng d |
| 020 ## - INTERNATIONAL STANDARD BOOK NUMBER | |
| International Standard Book Number | 9781543343991 |
| 082 ## - DEWEY DECIMAL CLASSIFICATION NUMBER | |
| Classification number | 615.7 GOC |
| 100 ## - MAIN ENTRY--PERSONAL NAME | |
| Personal name | Gollpudi, Rajesh |
| 245 ## - TITLE STATEMENT | |
| Title | Concise cource in Biopharmaceutics and Pharmacokinetics |
| 260 ## - PUBLICATION, DISTRIBUTION, ETC. (IMPRINT) | |
| Place of publication, distribution, etc | Jalander |
| Name of publisher, distributor, etc | S.Vikas & Company |
| Date of publication, distribution, etc | 2020 |
| 300 ## - PHYSICAL DESCRIPTION | |
| Extent | 221 |
| 650 ## - SUBJECT ADDED ENTRY--TOPICAL TERM | |
| Topical term or geographic name as entry element | Biopharmaceutical and Pharmacokintics |
| 700 ## - ADDED ENTRY--PERSONAL NAME | |
| Personal name | Sujitha, Paladugu |
| 942 ## - ADDED ENTRY ELEMENTS (KOHA) | |
| Source of classification or shelving scheme | Dewey Decimal Classification |
| Koha item type | Text Books |
| Withdrawn status | Lost status | Source of classification or shelving scheme | Damaged status | Not for loan | Collection code | Home library | Current library | Date acquired | Source of acquisition | Currency | Cost, normal purchase price | Bill Number | Total Checkouts | Full call number | Acc. no. / Barcode | Date last seen | Actual Cost, discounted price | Bill Date | Koha item type | Date last borrowed |
|---|---|---|---|---|---|---|---|---|---|---|---|---|---|---|---|---|---|---|---|---|
| Dewey Decimal Classification | B.Pharma | PIET C-LIBRARY | PIET C-LIBRARY | 18/02/2025 | Zafaa Books Distributres | In Rupees | 295.00 | ZBDO500 | 615.7 GOC | BP2653 | 27/02/2025 | 221.25 | 17/02/2025 | Reference Books | ||||||
| Dewey Decimal Classification | B.Pharma | PIET C-LIBRARY | PIET C-LIBRARY | 18/02/2025 | Zafaa Books Distributres | In Rupees | 295.00 | ZBDO500 | 615.7 GOC | BP2654 | 27/02/2025 | 221.25 | 17/02/2025 | Text Books | ||||||
| Dewey Decimal Classification | B.Pharma | PIET C-LIBRARY | PIET C-LIBRARY | 18/02/2025 | Zafaa Books Distributres | In Rupees | 295.00 | ZBDO500 | 615.7 GOC | BP2655 | 27/02/2025 | 221.25 | 17/02/2025 | Text Books | ||||||
| Dewey Decimal Classification | B.Pharma | PIET C-LIBRARY | PIET C-LIBRARY | 18/02/2025 | Zafaa Books Distributres | In Rupees | 295.00 | ZBDO500 | 615.7 GOC | BP2656 | 27/02/2025 | 221.25 | 17/02/2025 | Text Books | ||||||
| Dewey Decimal Classification | B.Pharma | PIET C-LIBRARY | PIET C-LIBRARY | 18/02/2025 | Zafaa Books Distributres | In Rupees | 295.00 | ZBDO500 | 1 | 615.7 GOC | BP2657 | 13/01/2026 | 221.25 | 17/02/2025 | Text Books | 02/01/2026 |